10 Most Gay Friendly Nations - Statistics

General Stats
  • This quiz has been taken 3,789 times
  • The average score is 6 of 10
Answer Stats
Percentage of people who say homosexuality should be accepted. Country % Correct
76% United Kingdom
90%
77% France
87%
80% Canada
86%
87% Germany
85%
88% Spain
84%
74% Italy
73%
79% Australia
71%
74% Argentina
33%
80% Czech Republic
17%
73% Philippines
6%
No matching quizzes found
Score Distribution
Percent of People with Each Score
Percentile by Number Answered
Your Score History
You have not taken this quiz